000 00332nam a22001457a 4500
008 210310b ||||| |||| 00| 0 eng d
020 _a2900536990845
041 _aeng
080 _24th
_a510
082 _a510
100 _a36
101 _aMAT
245 _aCollege Algebra Graphs & Modeles
_cBittinger, M. L
942 _2udc
_cBK
999 _c56173
_d56173